000 00539nam a22001697a 4500
005 20251108175402.0
008 250721s2016 xx 000 0 ara d
082 1 4 _a616.13/شعر
100 1 _aالشعرباف، حكمت
245 1 0 _aالأمراض القاتلة : أسبابها و طرق الوقاية الضغط - السكر-السرطان /
264 1 _aعمان :
_bدار زهران،
_c2016.
300 _a167 ص.
650 1 7 _aالأمراض
650 1 7 _aفرط ضغط الدم
942 _2ddc
_cBK
999 _c132878
_d132878